| 000 | 00534nam a2200181 4500 | ||
|---|---|---|---|
| 001 | 106889 | ||
| 003 | ES-MaACL | ||
| 005 | 20250804063419.0 | ||
| 007 | t| | ||
| 008 | 061121s1978 sp r ||||1| cat d | ||
| 100 | 1 |
_aMora Pujadas, Víctor, _d1931-2016 _982869 |
|
| 245 | 1 | 0 |
_aParís flash-back _b: maig del sota els platans de Saint-Michel / _cVíctor Mora. |
| 250 | _a1.ª ed. | ||
| 260 |
_aBarcelona : _bLaia, _c1978. |
||
| 300 |
_a579 p. ; _c20 cm. |
||
| 852 |
_aES-MaACL _jA-8664 _bR.97612 |
||
| 999 |
_c106889 _d106889 |
||